[Event "MISTRZOSTWA POLSKI JUNIOREK DO 16 LAT W SZACHACH SZYBKICH"]
[Site "KOSZALIN, Hala Widowiskowo-Sportowa, ul. Sniadeckich 4"]
[Date "1899-12-30"]
[Round "9.4"]
[White "Krzywnicka, Maria"]
[Black "Trusz, Julia"]
[Result "0-1"]
[WhiteTitle "I+"]
[BlackTitle "I+"]
[WhiteElo "1642"]
[BlackElo "1546"]

1. e4 c5 2. Nc3 Nc6 3. g3 g6 4. d3 Bg7 5. Bg2 d6 6. Be3 e6 7. Qd2 Nge7 8. Bh6 O-O
9. h4 Bxh6 10. Qxh6 Kh8 11. h5 Ng8 12. Qd2 Qf6 13. f4 e5 14. Nd5 Qd8 15. Nf3 Nce7
16. Nxe7 Qxe7 17. O-O-O Be6 18. Kb1 Bg4 19. Rh4 Bxf3 20. Bxf3 exf4 21. Rxf4 g5
22. Rf5 h6 23. Qc3+ f6 24. d4 Rac8 25. dxc5 Rxc5 26. Rxc5 dxc5 27. Qd3 Qc7 28.
Bg4 Re8 29. Bf5 Ne7 30. Bg6 Nxg6 31. hxg6 Kg7 32. a3 b6 33. e5 Qxe5 34. Qd7+ Qe7
35. Qd3 Qe4 36. Qb3 Qe6 37. Qd3 Qe4 38. Qb3 Kxg6 39. Rd7 Qe1+ 40. Ka2 Qe6 41.
Rd5 Kg7 42. c4 Qe3 43. Qb5 Re7 44. Rd8 Qxg3 45. Qc6 Qc7 46. Qa8 Kg6 47. Rg8+ Kf5
48. Qf3+ Qf4 49. Qd5+ Kg4 50. Qd1+ Kg3 51. Qg1+ Kf3 52. Qf1+ Kg4 53. Qg2+ Qg3
54. Qd5 Re2 55. Qd7+ f5 56. Rf8 Qe5 57. Qb5 Re4 58. Qb3 Qd4 59. Ka1 Re1+ 60. Ka2
Rc1 0-1

[Event "MISTRZOSTWA POLSKI JUNIOREK DO 16 LAT W SZACHACH SZYBKICH"]
[Site "KOSZALIN, Hala Widowiskowo-Sportowa, ul. Sniadeckich 4"]
[Date "1899-12-30"]
[Round "9.5"]
[White "Kindler, Karolina"]
[Black "Ziziuk, Martyna"]
[Result "0-1"]
[WhiteTitle "I+"]
[BlackTitle "I"]
[WhiteElo "1523"]
[BlackElo "1474"]

1. Nf3 Nc6 2. b3 e5 3. Bb2 d6 4. e3 Nf6 5. Be2 g6 6. d3 Bg7 7. c4 b6 8. O-O O-O
9. Qc2 Bb7 10. a3 a5 11. Nc3 Ne7 12. b4 axb4 13. axb4 Qd7 14. Nb5 Ba6 15. Na3
c5 16. Bc3 Qc7 17. Rfb1 Rfb8 18. Rb2 Bb7 19. Rba2 Qd8 20. Qb2 Bc6 21. Nd2 Nf5
22. Bf3 Bxf3 23. Nxf3 Ne8 24. Nb5 Rxa2 25. Rxa2 Nc7 26. Nxc7 Qxc7 27. Qa1 Ne7
28. Ra7 Qd8 29. bxc5 bxc5 30. Ng5 h6 31. Ne4 Nc6 32. Ra6 Qc8 33. h3 Qc7 34. Qa4
Rc8 35. Ba5 Qd7 36. Qb5 f5 37. Nc3 Qe8 38. Qb7 Nxa5 39. Rxa5 Rb8 40. Qd5+ Kh8
41. Qxd6 e4 42. Nb5 Rd8 43. Nc7 Qg8 44. Qb6 exd3 45. Qb1 d2 46. Qd1 Qf7 47. Nd5
Qe8 48. Qxd2 Qc6 49. Qc2 Re8 50. Qb3 Qd6 51. Qa2 Kh7 52. Ra7 Rd8 53. Rc7 Rd7 54.
Rxd7 Qxd7 55. Qa5 Qd6 56. Qb5 Bf8 57. Qe8 Bg7 58. Ne7 0-1

[Event "MISTRZOSTWA POLSKI JUNIOREK DO 16 LAT W SZACHACH SZYBKICH"]
[Site "KOSZALIN, Hala Widowiskowo-Sportowa, ul. Sniadeckich 4"]
[Date "1899-12-30"]
[Round "10.1"]
[White "Gredka, Dominika"]
[Black "Karykowska, Anna"]
[Result "1-0"]
[WhiteTitle "I++"]
[BlackTitle "I++"]
[WhiteElo "1531"]
[BlackElo "1603"]

1. e4 c5 2. c4 e6 3. Nc3 Nc6 4. g3 Nd4 5. Bg2 Ne7 6. Nge2 Nec6 7. O-O Be7 8. d3
O-O 9. f4 a6 10. Be3 Rb8 11. Qd2 b5 12. b3 d6 13. h3 Bf6 14. Rac1 Bd7 15. Kh2
g6 16. g4 b4 17. Nd1 a5 18. Ng3 a4 19. Rb1 axb3 20. axb3 Ra8 21. f5 Ra3 22. Bh6
Re8 23. fxg6 hxg6 24. Qf4 Kh7 25. g5 Bg7 26. Bxg7 Kxg7 27. Qxf7+ Kh8 28. Qxg6
Qe7 29. Rf7 Qxf7 30. Qxf7 Re7 31. Qf8+ Kh7 32. Qh6+ Kg8 33. Nh5 Rf7 34. Nf6+ Rxf6
35. gxf6 1-0

[Event "MISTRZOSTWA POLSKI JUNIOREK DO 16 LAT W SZACHACH SZYBKICH"]
[Site "KOSZALIN, Hala Widowiskowo-Sportowa, ul. Sniadeckich 4"]
[Date "1899-12-30"]
[Round "10.2"]
[White "Trusz, Julia"]
[Black "Guzik, Natalia"]
[Result "0-1"]
[WhiteTitle "I+"]
[BlackTitle "I++"]
[WhiteElo "1546"]
[BlackElo "1547"]

1. e4 c5 2. Nf3 Nc6 3. d4 cxd4 4. Nxd4 g6 5. Nc3 Bg7 6. Nb3 Nf6 7. Be2 O-O 8. O-O
d6 9. Bg5 a6 10. Re1 b5 11. Bf1 Bb7 12. Nd5 Nxd5 13. exd5 Ne5 14. c3 Re8 15. a4
Nc4 16. axb5 axb5 17. Rxa8 Bxa8 18. Nd4 Nxb2 19. Qb3 Nc4 20. Bxc4 bxc4 21. Qxc4
h6 22. Bh4 g5 23. Bg3 Qa5 24. Qb5 Qxb5 25. Nxb5 Rb8 26. Nc7 Bxc3 27. Rc1 Bf6 28.
h3 Rc8 29. f4 Bxd5 30. fxg5 Bxg5 31. Rd1 Bxg2 32. Kxg2 Rxc7 33. Re1 Rc2+ 34. Kf3
Rc3+ 35. Kg2 Kg7 36. h4 Bf6 37. Re4 h5 0-1

[Event "MISTRZOSTWA POLSKI JUNIOREK DO 16 LAT W SZACHACH SZYBKICH"]
[Site "KOSZALIN, Hala Widowiskowo-Sportowa, ul. Sniadeckich 4"]
[Date "1899-12-30"]
[Round "10.3"]
[White "Cieslak, Wiktoria"]
[Black "Stebel, Agata"]
[Result "1-0"]
[WhiteTitle "k+"]
[BlackTitle "k"]
[WhiteElo "1752"]
[BlackElo "1712"]

1. e4 c5 2. Nf3 Nc6 3. d4 cxd4 4. Nxd4 Nf6 5. Nc3 e5 6. Ndb5 d6 7. Bg5 a6 8. Na3
b5 9. Nd5 Be7 10. Bxf6 Bxf6 11. c3 O-O 12. Be2 Be6 13. O-O Bg5 14. Nc2 f5 15.
exf5 Bxf5 16. Nce3 Bxe3 17. Nxe3 Ne7 18. Nxf5 Rxf5 19. Qd3 d5 20. Rad1 Qc7 21.
Bg4 Rf6 22. Rfe1 Raf8 23. Rd2 e4 24. Qe3 Rg6 25. h3 Nf5 26. Qe2 Qc5 27. Red1 Rd6
28. Bxf5 Rxf5 29. Qg4 Rdf6 30. Qg3 h6 31. b4 Qc4 32. Qe3 Kh7 33. Ra1 Rc6 34. Rc1
Rcf6 35. Rcc2 Qc6 36. Qd4 Rg5 37. Re2 Rfg6 38. g3 Qe6 39. h4 Rh5 40. Kf1 Qh3+
41. Ke1 Qh1+ 42. Kd2 Qf3 43. Qe3 Qf7 44. Kc1 Rf5 45. Kb2 a5 46. a3 axb4 47. axb4
Ra6 48. Qc5 Qe8 49. Kb1 Qa8 50. Ra2 Ra4 51. Qxb5 Rxa2 52. Rxa2 Qc8 53. Rc2 Qf8
54. Qb6 Rf3 55. Qd4 Qf7 56. Rd2 Rf5 57. Kb2 Qe7 58. Re2 Qf7 59. Kb3 Rf3 60. Rd2
Rf5 61. Ra2 Qe6 62. Ra7 Rf7 63. Rxf7 Qxf7 64. b5 Qb7 65. b6 Qc6 66. Qb4 Qb7 67.
Qb5 Kh8 68. Kb4 Kh7 69. Qc5 Qa6 70. Qc7 Qa2 71. b7 Qb2+ 72. Ka5 Qa3+ 73. Kb6 Qb2+
74. Kc6 Qxc3+ 75. Kd7 Qf6 76. b8=Q 1-0

[Event "MISTRZOSTWA POLSKI JUNIOREK DO 16 LAT W SZACHACH SZYBKICH"]
[Site "KOSZALIN, Hala Widowiskowo-Sportowa, ul. Sniadeckich 4"]
[Date "1899-12-30"]
[Round "10.4"]
[White "Szelag, Zuzanna"]
[Black "Kaczmarska, Joanna"]
[Result "0-1"]
[WhiteTitle "I++"]
[BlackTitle "k"]
[WhiteElo "1596"]
[BlackElo "1730"]

1. e4 e5 2. Nf3 Nc6 3. Bb5 Nf6 4. O-O d6 5. Re1 a6 6. Bf1 Be7 7. c3 O-O 8. h3 Re8
9. d4 Bf8 10. Qc2 h6 11. Nbd2 g6 12. a3 Bg7 13. d5 Nb8 14. Nc4 Rf8 15. Be3 Ne8
16. Qd2 Kh7 17. Bd3 f5 18. exf5 gxf5 19. Bc2 a5 20. b4 a4 21. Nh2 b5 22. Nb2 e4
23. Nf1 Qf6 24. Bd4 Qg5 25. Bxg7 Qxd2 26. Nxd2 Kxg7 27. c4 bxc4 28. Ndxc4 Nf6
29. Red1 Bb7 30. Bxa4 Nxd5 31. Rac1 Nf4 32. Kf1 d5 33. Ne3 c6 34. Rd2 Rf6 35.
h4 Ba6+ 36. Ke1 Nd3+ 37. Nxd3 Bxd3 38. Bc2 Rxa3 39. Bxd3 exd3 40. Rb1 f4 41. Ng4
Re6+ 42. Kd1 h5 43. Nh2 Nd7 44. Nf3 Nb6 45. Nd4 Re4 46. Nb3 Rxb4 47. Rxd3 c5 48.
Rc3 c4 49. Rbc1 Raxb3 50. R3c2 d4 0-1

[Event "MISTRZOSTWA POLSKI JUNIOREK DO 16 LAT W SZACHACH SZYBKICH"]
[Site "KOSZALIN, Hala Widowiskowo-Sportowa, ul. Sniadeckich 4"]
[Date "1899-12-30"]
[Round "10.5"]
[White "Ziziuk, Martyna"]
[Black "Przepiora, Anna"]
[Result "1-0"]
[WhiteTitle "I"]
[BlackTitle "II"]
[WhiteElo "1474"]
[BlackElo "1419"]

1. c4 e6 2. Nc3 d5 3. cxd5 exd5 4. d4 Nf6 5. Nf3 Be7 6. Bf4 a6 7. e3 O-O 8. Be2
Nbd7 9. O-O c6 10. Ne5 Re8 11. Nxd7 Bxd7 12. Qb3 Bc8 13. Rac1 Bd6 14. Bxd6 Qxd6
15. h3 Ne4 16. Nxe4 dxe4 17. Bc4 Qg6 18. Kh2 b5 19. Be2 Qd6+ 20. Kh1 Bf5 21. Rc5
Be6 22. Qc2 Rac8 23. b3 Qd7 24. Kh2 Bf5 25. Rc1 Re6 26. Rxf5 Rg6 27. Bg4 Qd6+
28. Kh1 Rc7 29. Qxe4 Re6 30. Re5 Rxe5 31. Qxe5 Qxe5 32. dxe5 Kf8 33. b4 Ke7 34.
Bf3 Kd7 35. Rd1+ Ke6 36. Rd6+ Kxe5 37. Rxc6 Ra7 38. Rc5+ Kd6 39. Kg1 a5 40. Rxb5
axb4 41. Rd5+ Ke6 42. Rd2 Ke5 43. Kf1 f5 44. Ke2 f4 45. Bd5 fxe3 46. fxe3 Ra6
47. Bb3 Rg6 48. Rd5+ Ke4 49. Rd4+ Ke5 50. Rg4 Rxg4 51. hxg4 Ke4 52. Bc2+ Kd5 53.
Bxh7 1-0

[Event "MISTRZOSTWA POLSKI JUNIOREK DO 16 LAT W SZACHACH SZYBKICH"]
[Site "KOSZALIN, Hala Widowiskowo-Sportowa, ul. Sniadeckich 4"]
[Date "1899-12-30"]
[Round "11.1"]
[White "Guzik, Natalia"]
[Black "Gredka, Dominika"]
[Result "1-0"]
[WhiteTitle "I++"]
[BlackTitle "I++"]
[WhiteElo "1547"]
[BlackElo "1531"]

1. e4 e5 2. Bc4 d6 3. c3 Nf6 4. d3 Be7 5. Nf3 O-O 6. Bb3 c6 7. Nbd2 Nbd7 8. O-O
Nc5 9. Bc2 Re8 10. Re1 Bf8 11. Nf1 h6 12. Ng3 Qc7 13. Nh4 Bd7 14. h3 Rad8 15.
Qf3 d5 16. Bxh6 dxe4 17. dxe4 gxh6 18. Qxf6 Bg7 19. Qf3 Ne6 20. Ngf5 Ng5 21. Qg3
c5 22. Nxg7 Kxg7 23. Nf5+ Bxf5 24. exf5 Kf8 25. h4 Nh7 26. Qe3 Qb6 27. Ba4 Re7
28. Rad1 Rd6 29. Rxd6 Qxd6 30. Rd1 Qb6 31. f6 Qxf6 32. Qxc5 Qxh4 33. Rd7 Qf6 34.
Rxb7 Ng5 35. Rxa7 Ne6 36. Qxe7+ Qxe7 37. Rxe7 Kxe7 38. Kf1 Kd6 39. Ke2 Nf4+ 40.
Kf3 f5 41. Bc2 Ke6 42. g3 Ng6 43. a4 Ne7 44. b4 e4+ 45. Ke2 Kd6 46. Bb3 Nc6 47.
a5 Ke5 48. a6 Na7 49. Bc4 Kd6 50. Ke3 Ke5 51. b5 Kd6 52. b6 Nc6 53. a7 Ne5 54.
Ba2 Ng4+ 55. Ke2 h5 56. a8=Q f4 57. Qd5+ Ke7 58. Qe6+ 1-0

[Event "MISTRZOSTWA POLSKI JUNIOREK DO 16 LAT W SZACHACH SZYBKICH"]
[Site "KOSZALIN, Hala Widowiskowo-Sportowa, ul. Sniadeckich 4"]
[Date "1899-12-30"]
[Round "11.2"]
[White "Ziziuk, Martyna"]
[Black "Cieslak, Wiktoria"]
[Result "1/2-1/2"]
[WhiteTitle "I"]
[BlackTitle "k+"]
[WhiteElo "1474"]
[BlackElo "1752"]

1. c4 e5 2. Nc3 Nc6 3. g3 g6 4. Bg2 Bg7 5. d3 d6 6. Nf3 Nge7 7. O-O O-O 8. e3 h6
9. a3 a5 10. Nd2 Be6 11. Rb1 f5 12. Nd5 Bxd5 13. cxd5 Nb8 14. Qb3 b6 15. Qc2 Nd7
16. Nb3 Nf6 17. e4 Qd7 18. Bd2 Rfc8 19. Nc1 fxe4 20. dxe4 c6 21. dxc6 Rxc6 22.
Qb3+ Kh7 23. Ne2 d5 24. exd5 Nfxd5 25. Nc3 Nxc3 26. Bxc3 Rac8 27. Bxc6 Qxc6 28.
Bxe5 Bxe5 29. Qf7+ Bg7 30. Qxe7 Rc7 31. Qe3 Qf6 32. Qe2 1/2-1/2

[Event "MISTRZOSTWA POLSKI JUNIOREK DO 16 LAT W SZACHACH SZYBKICH"]
[Site "KOSZALIN, Hala Widowiskowo-Sportowa, ul. Sniadeckich 4"]
[Date "1899-12-30"]
[Round "11.3"]
[White "Karykowska, Anna"]
[Black "Krzywnicka, Maria"]
[Result "1-0"]
[WhiteTitle "I++"]
[BlackTitle "I+"]
[WhiteElo "1603"]
[BlackElo "1642"]

1. e4 c5 2. Nf3 d6 3. d4 cxd4 4. Nxd4 Nf6 5. Nc3 a6 6. g3 e5 7. Nde2 Be7 8. Bg2
Be6 9. O-O O-O 10. Nd5 Nxd5 11. exd5 Bg4 12. f3 Bh5 13. f4 exf4 14. Bxf4 Bg5 15.
Bf3 Bxf3 16. Rxf3 Bxf4 17. Nxf4 Nd7 18. Qd4 Ne5 19. Rff1 Rc8 20. c3 Re8 21. b3
Qg5 22. c4 b5 23. Nd3 Nxd3 24. Qxd3 Re3 25. Qd4 Rce8 26. Qf4 Qg6 27. cxb5 R8e4
28. Qf2 axb5 29. Rac1 Re8 30. Qxe3 1-0

[Event "MISTRZOSTWA POLSKI JUNIOREK DO 16 LAT W SZACHACH SZYBKICH"]
[Site "KOSZALIN, Hala Widowiskowo-Sportowa, ul. Sniadeckich 4"]
[Date "1899-12-30"]
[Round "11.4"]
[White "Kaczmarska, Joanna"]
[Black "Parol, Pola"]
[Result "0-1"]
[WhiteTitle "k"]
[BlackTitle "k"]
[WhiteElo "1730"]
[BlackElo "1773"]

1. d4 Nf6 2. c4 e6 3. Nf3 d5 4. cxd5 exd5 5. Nc3 Bd6 6. Bg5 c6 7. Qc2 O-O 8. e3
Nbd7 9. Bd3 h6 10. Bh4 Re8 11. O-O Nf8 12. Bg3 Bxg3 13. hxg3 Qd6 14. Ne5 Ng4 15.
Nxg4 Bxg4 16. f3 Bh5 17. Qf2 Bg6 18. Bxg6 Nxg6 19. e4 f6 20. Rad1 Rad8 21. exd5
cxd5 22. f4 Ne7 23. f5 Nc6 24. a3 a6 25. Na4 Na5 26. Nc5 Qb6 27. Rfe1 Nc4 28.
Rxe8+ Rxe8 29. b4 Nxa3 30. Qf3 Qxb4 31. Qxd5+ Kh8 32. Qf7 Rg8 33. Nxb7 Nc2 34.
Qd7 Ne3 35. Rd3 Qb1+ 36. Kh2 Qxd3 37. Nc5 Qf1 38. Qc6 Ng4+ 39. Kh3 Nf2+ 40. Kh2
Qh1# 0-1

[Event "MISTRZOSTWA POLSKI JUNIOREK DO 16 LAT W SZACHACH SZYBKICH"]
[Site "KOSZALIN, Hala Widowiskowo-Sportowa, ul. Sniadeckich 4"]
[Date "1899-12-30"]
[Round "11.5"]
[White "Kindler, Karolina"]
[Black "Trusz, Julia"]
[Result "1/2-1/2"]
[WhiteTitle "I+"]
[BlackTitle "I+"]
[WhiteElo "1523"]
[BlackElo "1546"]

1. Nf3 d5 2. b3 Nf6 3. Bb2 e6 4. e3 Be7 5. d4 O-O 6. Bd3 Nbd7 7. O-O c5 8. Nbd2
b6 9. Ne5 Bb7 10. f4 cxd4 11. exd4 Nxe5 12. fxe5 Nd7 13. Rf3 f6 14. Rh3 h6 15.
Rxh6 gxh6 16. Qg4+ Kh8 17. Qg6 f5 18. Qxh6+ Kg8 19. Qg6+ Kh8 1/2-1/2